000 00889cab a22002175a 4500
001 L140798
008 071011e20071005xxkao 000 0 eng d
035 _a(Sirsi) u140798
041 0 _aeng
100 1 _aHeap, Richard
245 0 0 _aRegional report
_bHampshire, Dorset and Wiltshire
260 _c2007
490 0 _aProperty Week
_v72(40) 5 October 2007, 111-123(8)
520 _aReports on: market news and deals; plans to redevelop Woolston, Southampton; redevelopment of Farnborough town centre in 2008; refurbishment of the Johnson and Johnson distribution centre in Basingstoke. Explains how the 2012 Olympics is stimulating mixed-use development in Weymouth and Portland.
590 _aka
650 2 4 _aOLYMPIC GAMES 2012
651 4 _aHampshire
651 4 _aSouth West (England)
_y1994-
690 _aPROPERTY-COMMERCIAL PROPERTY-COMMERCIAL PROPERTY MARKET
942 _n0
999 _c79347
_d79347